| 000 | 00574nam a22002177a 4500 | ||
|---|---|---|---|
| 005 | 20260515115015.0 | ||
| 008 | 240227b ||||| |||| 00| 0 eng d | ||
| 020 | _a9789358495416 | ||
| 040 |
_aIN-DiNC _cIN-DiNC |
||
| 041 | _deng | ||
| 082 |
_a370 _bDEK |
||
| 100 |
_aDeka, Nabanita _eauthor |
||
| 245 |
_aFoundations of education- II/ _cby Nabanita Deka and Lokman Ali |
||
| 250 | _a1st ed. | ||
| 260 |
_aDibrugarh: _bBanalata, _c2023. |
||
| 300 | _a520p. | ||
| 650 | _aCurriculum | ||
| 650 | _aIndian education | ||
| 700 |
_aAli, Lokman _eauthor |
||
| 942 |
_2ddc _cBK |
||
| 999 |
_c11744 _d11744 |
||